Environmental & natural resource economics (Record no. 29680)

MARC details
000 -LEADER
fixed length control field 00564nam a2200193Ia 4500
020 ## - INTERNATIONAL STANDARD BOOK NUMBER
ISBN 9781292021799
050 ## - CALL MARK
Classification number HC 79 .E5 .T525/
100 ## - STATEMENT OF RESPONSIBILITY--MAIN AUTHOR NAME
Personal name Tietenberg, Thomas H.
245 #0 - TITLE STATEMENT
Title Environmental & natural resource economics
250 ## - EDITION / VOLUME STATEMENT
Edition / Volume statement 9th ed
260 ## - PUBLICATION, DISTRIBUTION, ETC. (IMPRINT)
Place of publication Boston
260 ## - PUBLICATION, DISTRIBUTION, ETC. (IMPRINT)
Name of publisher Pearson
260 ## - PUBLICATION, DISTRIBUTION, ETC. (IMPRINT)
Year of publication 2014
300 ## - PHYSICAL DESCRIPTION
Number of Pages 630 p
650 ## - SUBJECT ADDED ENTRY--TOPICAL TERM
Topical Term Environmental economics. Environmental policy. Natural resources--Government policy. Raw materials--Government policy.
942 ## - ADDED ENTRY ELEMENTS (KOHA)
Koha item type Books
Holdings
Withdrawn status Lost status Source of classification or shelving scheme Damaged status Not for loan Permanent Location Current Location Date acquired Accession Number Price effective from Koha item type
    Library of Congress Classification     NILE UNIVERSITY OF NIGERIA - MAIN LIBRARY NILE UNIVERSITY OF NIGERIA - MAIN LIBRARY 04/23/2025 0011318 04/23/2025 Books